| 000 | 00472nam a2200181Ia 4500 | ||
|---|---|---|---|
| 001 | 9458 | ||
| 005 | 20260306161720.0 | ||
| 008 | 260306t2005||||xx |||||||||||||| ||spa|| | ||
| 041 | _aESP | ||
| 082 |
_a379.1 _bA72 |
||
| 100 |
_aAristizábal Salazar, María Nubia _eAUT |
||
| 245 | 0 | _aGuía para la elaboración del plan de mantenimiento y mejoramiento | |
| 260 | _c2005 | ||
| 300 |
_a47 páginas : _ccm. |
||
| 650 | _aGEN | ||
| 654 | _aCED | ||
| 942 |
_cLIB _dJUS _fJUS _2ddc _n |
||
| 999 |
_c9458 _d9458 |
||